Pet to school day / (Record no. 1952)

MARC details
000 -LEADER
fixed length control field 00951nam a22002777a 4500
001 - CONTROL NUMBER
control field 1952
003 - CONTROL NUMBER IDENTIFIER
control field FISKH
005 - DATE AND TIME OF LATEST TRANSACTION
control field 20231020101649.0
008 - FIXED-LENGTH DATA ELEMENTS--GENERAL INFORMATION
fixed length control field 231020b cb ||||| |||| 00| 0 eng d
015 ## - NATIONAL BIBLIOGRAPHY NUMBER
Source bnb
National bibliography number GBA463118
016 ## - NATIONAL BIBLIOGRAPHIC AGENCY CONTROL NUMBER
Source Uk
Record control number 012981021
020 ## - INTERNATIONAL STANDARD BOOK NUMBER
International Standard Book Number 9781840896220
040 ## - CATALOGING SOURCE
Original cataloging agency FISKH
Language of cataloging eng
Transcribing agency FISKH
Modifying agency FISKH
082 ## - DEWEY DECIMAL CLASSIFICATION NUMBER
Classification number 823.914
100 ## - MAIN ENTRY--PERSONAL NAME
Personal name Robinson, Hilary
Dates associated with a name 1962-
245 ## - TITLE STATEMENT
Title Pet to school day /
Statement of responsibility, etc. by Hilary Robinson ; illustrated by Tim Archbold.
260 ## - PUBLICATION, DISTRIBUTION, ETC.
Place of publication, distribution, etc. London :
Name of publisher, distributor, etc. Evans,
Date of publication, distribution, etc. 2005.
300 ## - PHYSICAL DESCRIPTION
Extent 32 unnumbered pages:
Other physical details color illustrations ;
Dimensions 27 cm
505 ## - FORMATTED CONTENTS NOTE
Formatted contents note G<br/>
520 ## - SUMMARY, ETC.
Summary, etc. It's Pet to School Day today but Mr Spink's pet is too wild to bring to school. Is it a bull? Is it an elephant? What could it be? And is Mr Spink as brave as he seems?
521 8# - TARGET AUDIENCE NOTE
Target audience note 410<br/>
Source Lexile<br/>
521 8# - TARGET AUDIENCE NOTE
Target audience note G<br/>
Source Raz-Plus<br/>
650 ## - SUBJECT ADDED ENTRY--TOPICAL TERM
Topical term or geographic name entry element Children's stories
Form subdivision Pictorial works.
700 ## - ADDED ENTRY--PERSONAL NAME
Personal name Archbold, Tim
Relator term Author
942 ## - ADDED ENTRY ELEMENTS (KOHA)
Source of classification or shelving scheme Dewey Decimal Classification
Koha item type Books
Suppress in OPAC No
Holdings
Withdrawn status Lost status Source of classification or shelving scheme Damaged status Not for loan Collection Home library Current library Shelving location Date acquired Total Checkouts Full call number Barcode Date last seen Date last checked out Price effective from Koha item type
    Dewey Decimal Classification     Fiction Footprints International School Library Network Toul Kork Campus Footprints International School Library Network Toul Kork Campus TK Primary Library Room(4th Floor), Bookcase 1&2, Shelves 1-16, Dark Blue Books 10/20/2023 3 ROB 823.914 PZ7 FISBK06110 10/23/2025 10/16/2025 10/20/2023 Books